000 00642nam a2200181 a 4500
005 20141201114744.0
008 140124b2005 ck ||||| |||| 00| 0 spa d
040 _cCO-BoIH
041 _aspa
044 _ack
090 _aIAVH
_b00420
100 _aRodríguez Cajamarca, Juliana Edith
_94980
245 _aApoyar la elaboración de los mapas de distribución de 200 especies de hormigas en el territorio nacional, basados en registros biológicos e información respecto a hábitats asociados
_binforme final
260 _aBogotá
_bInstituto Alexander von Humboldt
_c2005
300 _a20 p.
942 _cINFORME
_2z
945 _d2005-11-10
999 _c4787
_d4787